<?xml version="1.0" encoding="UTF-8"?>
<marc:record xmlns:marc="http://www.loc.gov/MARC21/slim">
   <marc:leader>00000nam a2200000 a 4500</marc:leader>
   <marc:datafield ind1="1" ind2=" " tag="100">
      <marc:subfield code="a">Ludwig, Gerd</marc:subfield>
      <marc:subfield code="4">aut</marc:subfield>
      <marc:subfield code="e">Verfasser/-in</marc:subfield>
   </marc:datafield>
   <marc:datafield ind1=" " ind2=" " tag="653">
      <marc:subfield code="a">Katze</marc:subfield>
   </marc:datafield>
   <marc:datafield ind1=" " ind2=" " tag="653">
      <marc:subfield code="a">Heimtiere</marc:subfield>
   </marc:datafield>
   <marc:datafield ind1=" " ind2=" " tag="653">
      <marc:subfield code="a">hauskatze katzensprache katzen verhalten katzenerziehung katzenverhalten</marc:subfield>
   </marc:datafield>
   <marc:datafield ind1=" " ind2=" " tag="653">
      <marc:subfield code="a">katze kratzt katze angst katzen verhalten verstehen verhalten katzen deuten</marc:subfield>
   </marc:datafield>
   <marc:datafield ind1=" " ind2=" " tag="653">
      <marc:subfield code="a">katzen halten katzenverhalten deuten wie erziehe ich meine katze katzen verhalten deuten</marc:subfield>
   </marc:datafield>
   <marc:datafield ind1=" " ind2=" " tag="653">
      <marc:subfield code="a">katzen verstehen katze markiert verhalten von katzen katzenpsychologe katze halten katze aggressiv</marc:subfield>
   </marc:datafield>
   <marc:datafield ind1=" " ind2=" " tag="653">
      <marc:subfield code="a">katzentraining verhalten katzen katzentraining verhalten katzen katzentrainer</marc:subfield>
   </marc:datafield>
   <marc:datafield ind1=" " ind2=" " tag="653">
      <marc:subfield code="a">tierpsychologe katze verhalten bei katzen</marc:subfield>
   </marc:datafield>
   <marc:datafield ind1=" " ind2=" " tag="653">
      <marc:subfield code="a">Softcover / Ratgeber/Natur/Hobbytierhaltung</marc:subfield>
   </marc:datafield>
   <marc:datafield ind1=" " ind2=" " tag="653">
      <marc:subfield code="a">Ratgeber</marc:subfield>
   </marc:datafield>
   <marc:datafield ind1="0" ind2="0" tag="245">
      <marc:subfield code="a">Katzen-Sprache</marc:subfield>
   </marc:datafield>
   <marc:datafield ind1="0" ind2="0" tag="245">
      <marc:subfield code="b">Schritt für Schritt verstehen lernen</marc:subfield>
   </marc:datafield>
   <marc:datafield ind1="0" ind2="0" tag="245">
      <marc:subfield code="c">Gerd Ludwig</marc:subfield>
   </marc:datafield>
   <marc:datafield ind1=" " ind2="1" tag="264">
      <marc:subfield code="a">München</marc:subfield>
      <marc:subfield code="b">Gräfe und Unzer Verlag GmbH</marc:subfield>
      <marc:subfield code="c">2016</marc:subfield>
   </marc:datafield>
   <marc:datafield ind1=" " ind2=" " tag="250">
      <marc:subfield code="a">1. Auflage</marc:subfield>
   </marc:datafield>
   <marc:datafield ind1="1" ind2=" " tag="520">
      <marc:subfield code="a">Angaben aus der Verlagsmeldung

Katzensprache : Schritt für Schritt verstehen lernen / von Gerd Ludwig

Eben noch die verschmuste Katze, zeigt der brave Stubentiger plötzlich seine Krallen - und der Besitzer fragt sich: Warum dieser Sinneswandel? Das Streichen um die Beine oder das Anstarren der Türklinke sind dabei noch leicht zu deuten. Viele Äußerungen der Katzensprache sind jedoch subtil und werden von uns Menschen oft missverstanden. Dieses Buch unterstützt den Leser dabei, den Wortschatz der Katzen verstehen zu lernen und die Welt aus Katzensicht zu begreifen. Beginnend bei der Sinneswelt der Samtpfoten, über die verschiedenen Kommunikationsformen der Katzen, bis hin zum wie lernt meine Katze mich verstehen werden alle Aspekte der Katzensprache beleuchtet. Als besonderes Element verdeutlichen Stop-Motion-Illustrationen in drei 3-4 Einzelbildern die stufenweise Veränderung in der Körpersprache von Katzen, SprechStunden-Kästen erklären anhand von Beispielen alltägliche Verständigungsprobleme und bieten Lösungen - damit einer harmonischen Partnerschaft nichts mehr im Weg steht.
</marc:subfield>
   </marc:datafield>
   <marc:datafield ind1=" " ind2=" " tag="020">
      <marc:subfield code="a">9783833852213</marc:subfield>
      <marc:subfield code="9">9783833852213</marc:subfield>
   </marc:datafield>
   <marc:datafield ind1=" " ind2=" " tag="020">
      <marc:subfield code="a">3833852216</marc:subfield>
      <marc:subfield code="9">3833852216</marc:subfield>
   </marc:datafield>
   <marc:datafield ind1=" " ind2=" " tag="041">
      <marc:subfield code="a">ger</marc:subfield>
   </marc:datafield>
   <marc:datafield ind1=" " ind2=" " tag="300">
      <marc:subfield code="a">128 Seiten</marc:subfield>
   </marc:datafield>
</marc:record>
